LDR 00854naa#a2200193#i#450# 001 RU\\bibl\126740 005 20260704223646.6 011 ## _a2542-1840 100 ## _a20260630b2026####ek#y0rusy0150####ca 102 ## _aRU 200 1# _aФормирование культуры здоровья у студентов высших учебных заведений _eЖурнальная статья 210 1# _aКемерово _cКемеровский государственный университет _d2026 215 ## _a9 с. 608 ## _aЖурнальная статья _2local 700 #1 _aГорбаткова _gЕлена Юрьевна 700 #1 _aХусаинова _gЭльвира Рифгатовна 700 #1 _aМануйлова _gГульшат Римовна 700 #1 _aГорбатков _gПавел Викторович 856 4# _ajsocnet.ru _u